000 00846nam a22002177a 4500
999 _c7121
_d7121
003 AR-CdUCM
008 190319b ||||| |||| 00| 0 spa d
040 _aMUNICIPALIDAD PROVINCIAL DEL CUSCO
_cBIBLIOTECA MUNICIPAL DEL CUSCO
041 _heng
082 _a660.28 /
_bR96
100 _aRussell, T. W. F.
_920067
245 _aIntroducción al análisis en ingeniería química /
260 _aMéxico, D. F :
_bLimusa,
_c1976.
300 _a570 páginas ;
_c24 cm.
500 _aTitulo original: Introduction to chemical engineering analysis.
505 _aLa función del análisis -- Conceptos básicos del análisis -- Fuente de las ecuaciones del modelo -- Sistema isotérmicos -- Sistemas líquidos que reaccionan ...
650 _aIngeniería química
_919696
700 _aDenn, M. M.
_920068
942 _2ddc
_cLIBROS
945 _aacv